000 00442nam a22001577a 4500
005 20240730131244.0
008 240730b |||||||| |||| 00| 0 eng d
041 _aEnglish
082 _a349 SUP
100 _lEnglish
245 _aSupreme Court Reports
260 _aCape Town:
_bJuta and Company Ltd,
_c1911
300 _blxiv, 1050 pages;
_c25 cm.
650 _aLegal practice
_bLaw
942 _cBK
_6ALISON_BN_VRIES
999 _c2305
_d2305